[Event "Verden op-A"]
[Site "Verden"]
[Date "2023.01.08"]
[Round "7"]
[White "Kiesel, Harald"]
[Black "Elsner, Robert"]
[Result "1/2-1/2"]
[WhiteElo "2035"]
[BlackElo "1952"]
[PlyCount "101"]
[EventDate "2023.01.05"]
[EventType "swiss"]
[EventRounds "7"]
[EventCountry "GER"]
[SourceTitle "CBM 212 Extra"]
[Source "ChessBase"]
[SourceDate "2023.03.31"]
[SourceVersion "1"]
[SourceVersionDate "2023.03.31"]
[SourceQuality "1"]

1. e4 c5 2. Nf3 d6 3. d4 cxd4 4. Nxd4 Nf6 5. Nc3 g6 6. g3 Bg7 7. Bg2 0-0 8. 0-0 Nc6 9. Nde2 Bd7 10. h3 Rc8 11. Kh2 Qa5 12. Nf4 b5 13. Ncd5 Ne8 14. Bd2 Qa6 15. Bc3 e6 16. Bxg7 Kxg7 17. Ne3 Qb6 18. Ne2 Ne5 19. b3 Nf6 20. Nd4 Rfd8 21. Qd2 Nc6 22. Ne2 Ne7 23. c4 Bc6 24. Qc3 e5 25. Qd3 Qb7 26. Nd5 Bxd5 27. cxd5 Nd7 28. f4 Rc7 29. h4 exf4 30. gxf4 Qb6 31. Bh3 Nc5 32. Qd4+ Kg8 33. h5 Nd7 34. Qb2 Nc5 35. h6 Kf8 36. Qg7+ Ke8 37. Qh8+ Ng8 38. Qxg8+ Ke7 39. Qg7 Nxe4 40. Nd4 Rg8 41. Qxg8 Qxd4 42. Rae1 Qd3 43. Rxe4+ Qxe4 44. Qh8 Rc2+ 45. Kg3 b4 46. Qa1 Rc3+ 47. Kh2 Rc2+ 48. Kg3 Rc3+ 49. Kh2 Rc2+ 50. Kg3 Rc3+ 51. Kh2 1/2-1/2

[Event "Verden op-A"]
[Site "Verden"]
[Date "2023.01.07"]
[Round "5"]
[White "Kieselbach, Marvin"]
[Black "Elsner, Robert"]
[Result "0-1"]
[WhiteElo "1847"]
[BlackElo "1952"]
[PlyCount "78"]
[EventDate "2023.01.05"]
[EventType "swiss"]
[EventRounds "7"]
[EventCountry "GER"]
[SourceTitle "CBM 212 Extra"]
[Source "ChessBase"]
[SourceDate "2023.03.31"]
[SourceVersion "1"]
[SourceVersionDate "2023.03.31"]
[SourceQuality "1"]

1. d4 d5 2. c4 e6 3. Nf3 Nf6 4. Nc3 Be7 5. Bf4 c6 6. e3 0-0 7. Be2 Nbd7 8. 0-0 Nh5 9. Be5 Nxe5 10. Nxe5 Nf6 11. Rc1 Bd6 12. f4 Nd7 13. Bd3 dxc4 14. Nxc4 Nb6 15. Nxd6 Qxd6 16. Ne4 Qe7 17. Qh5 Nd5 18. Ng5 h6 19. Rf3 f5 20. Rh3 Qe8 21. Qxe8 Rxe8 22. Nf3 Nxe3 23. Re1 Nd5 24. Bxf5 Rf8 25. Bg4 Nxf4 26. Rh4 g5 27. Rxh6 Kg7 28. Rh5 Nxh5 29. Bxh5 Kh6 30. Bg4 Rf6 31. Re5 Rg6 32. Re3 e5 33. Nxe5 Bxg4 34. Nxg4+ Kh7 35. Re7+ Rg7 36. Re6 Rd8 37. Nf6+ Kh8 38. Ne8 Rgd7 39. Nf6 Rf7 0-1

[Event "Verden op-A"]
[Site "Verden"]
[Date "2023.01.06"]
[Round "4"]
[White "Elsner, Robert"]
[Black "Renner, Kai"]
[Result "1/2-1/2"]
[WhiteElo "1952"]
[BlackElo "2171"]
[PlyCount "81"]
[EventDate "2023.01.05"]
[EventType "swiss"]
[EventRounds "7"]
[EventCountry "GER"]
[SourceTitle "CBM 212 Extra"]
[Source "ChessBase"]
[SourceDate "2023.03.31"]
[SourceVersion "1"]
[SourceVersionDate "2023.03.31"]
[SourceQuality "1"]

1. d4 f5 2. Nf3 Nf6 3. g3 g6 4. Bg2 Bg7 5. 0-0 0-0 6. c4 d6 7. Nc3 Nc6 8. d5 Na5 9. Qd3 e5 10. e4 fxe4 11. Nxe4 Nxe4 12. Qxe4 Bf5 13. Qe2 Bg4 14. Bd2 Nxc4 15. Qxc4 Bxf3 16. Bxf3 Rxf3 17. Rac1 Rf7 18. a4 Qd7 19. a5 Rc8 20. a6 c5 21. axb7 Qxb7 22. Bc3 Rb8 23. Ra1 Qb5 24. Qxb5 Rxb5 25. Ra6 Rb6 26. Rfa1 Rxa6 27. Rxa6 Rd7 28. f3 Bf6 29. Kf2 Bd8 30. Rc6 Bb6 31. Bd2 Kf7 32. Ke2 Bd8 33. Kd3 Bf6 34. Ke4 Ke7 35. h4 Kd8 36. Ba5+ Ke7 37. Bc3 Rb7 38. Ra6 Rd7 39. Rc6 Rb7 40. Ra6 Rd7 41. Rc6 1/2-1/2

[Event "GER-ch NSV Online 1st"]
[Site "Playchess.com INT"]
[Date "2020.04.26"]
[Round "3"]
[White "Elsner, Robert"]
[Black "Eike, Detlef"]
[Result "1-0"]
[WhiteElo "1846"]
[BlackElo "1663"]
[PlyCount "87"]
[EventDate "2020.04.26"]
[EventType "swiss (blitz)"]
[EventRounds "13"]
[EventCountry "GER"]
[SourceTitle "CBM 196 Extra"]
[Source "ChessBase"]
[SourceDate "2020.07.31"]
[SourceVersion "1"]
[SourceVersionDate "2020.07.31"]
[SourceQuality "1"]

1. e4 e5 2. Nf3 Nc6 3. Nc3 Nf6 4. d4 exd4 5. Nxd4 d6 6. Nxc6 bxc6 7. Bd3 Be7 8. 0-0 0-0 9. h3 Nd7 10. f4 Nc5 11. Qf3 Nxd3 12. Qxd3 Bd7 13. Be3 f5 14. e5 Be6 15. Rad1 Qd7 16. Rfe1 Rfe8 17. Bf2 a5 18. Qe2 Rab8 19. b3 Rb4 20. g3 Rbb8 21. Kh2 d5 22. Na4 Bb4 23. c3 Be7 24. Nc5 Bxc5 25. Bxc5 Rb5 26. b4 axb4 27. cxb4 Ra8 28. Ra1 Rbb8 29. a4 d4 30. Red1 Bd5 31. Rxd4 Qe6 32. a5 Rb5 33. a6 h6 34. a7 Kh7 35. Qb2 Rb7 36. Qa3 g5 37. Qa6 Qc8 38. e6 Qd8 39. e7 Qc8 40. Re1 Qe8 41. Rxd5 cxd5 42. Qxb7 Rxa7 43. Qxa7 h5 44. Qxc7 1-0

[Event "GER-ch NSV Online 1st"]
[Site "Playchess.com INT"]
[Date "2020.04.26"]
[Round "7"]
[White "Elsner, Robert"]
[Black "Eilert, Marius"]
[Result "1/2-1/2"]
[WhiteElo "1846"]
[BlackElo "2069"]
[PlyCount "42"]
[EventDate "2020.04.26"]
[EventType "swiss (blitz)"]
[EventRounds "13"]
[EventCountry "GER"]
[SourceTitle "CBM 196 Extra"]
[Source "ChessBase"]
[SourceDate "2020.07.31"]
[SourceVersion "1"]
[SourceVersionDate "2020.07.31"]
[SourceQuality "1"]

1. e4 e6 2. d4 d5 3. exd5 exd5 4. Nf3 Nc6 5. Bd3 Bd6 6. 0-0 Nge7 7. c3 0-0 8. Nbd2 Bf5 9. Qe1 Bg6 10. Bxg6 Nxg6 11. Qd1 Qd7 12. Re1 Rae8 13. Nb3 Rxe1+ 14. Qxe1 Re8 15. Qf1 Bf4 16. Bxf4 Nxf4 17. Re1 b6 18. g3 Ng6 19. Rxe8+ Qxe8 20. Qe1 Qxe1+ 21. Nxe1 f6 1/2-1/2

[Event "GER-ch NSV Online 1st"]
[Site "Playchess.com INT"]
[Date "2020.04.26"]
[Round "12"]
[White "Elsner, Robert"]
[Black "Thomas, Jeremy"]
[Result "0-1"]
[WhiteElo "1846"]
[BlackElo "1620"]
[PlyCount "54"]
[EventDate "2020.04.26"]
[EventType "swiss (blitz)"]
[EventRounds "13"]
[EventCountry "GER"]
[SourceTitle "CBM 196 Extra"]
[Source "ChessBase"]
[SourceDate "2020.07.31"]
[SourceVersion "1"]
[SourceVersionDate "2020.07.31"]
[SourceQuality "1"]

1. e4 c5 2. Nf3 d6 3. d4 cxd4 4. Nxd4 Nf6 5. Nc3 a6 6. Bg5 e6 7. f4 h6 8. Bh4 Qb6 9. Bf2 Qxb2 10. Na4 Qa3 11. Nb6 Qa5+ 12. Qd2 Qxb6 13. Nxe6 Qb2 14. Rd1 Bxe6 15. e5 Ne4 16. Qa5 Nxf2 17. Kxf2 Nc6 18. Qc7 Rc8 19. exd6 Rxc7 20. dxc7 Qb6+ 21. Kg3 Qxc7 22. Be2 Bd6 23. Bf3 Bxf4+ 24. Kf2 Qb6+ 25. Ke2 Bc4+ 26. Ke1 Qe3+ 27. Be2 Qxe2# 0-1

[Event "GER-ch NSV Online 1st"]
[Site "Playchess.com INT"]
[Date "2020.04.26"]
[Round "4"]
[White "Elsner, Robert"]
[Black "Zoch, Werner"]
[Result "1-0"]
[WhiteElo "1846"]
[BlackElo "1927"]
[PlyCount "113"]
[EventDate "2020.04.26"]
[EventType "swiss (blitz)"]
[EventRounds "13"]
[EventCountry "GER"]
[SourceTitle "CBM 196 Extra"]
[Source "ChessBase"]
[SourceDate "2020.07.31"]
[SourceVersion "1"]
[SourceVersionDate "2020.07.31"]
[SourceQuality "1"]

1. e4 c5 2. Nf3 e6 3. d4 cxd4 4. Nxd4 Nf6 5. Nc3 Bb4 6. e5 Bxc3+ 7. bxc3 Qa5 8. exf6 Qxc3+ 9. Bd2 Qxd4 10. fxg7 Qxg7 11. g3 0-0 12. Bd3 Nc6 13. 0-0 d5 14. Qh5 e5 15. Bh6 Bg4 16. Bxg7 Bxh5 17. Bxf8 Rxf8 18. f3 f5 19. Rab1 b6 20. Rb5 Nd4 21. Rxd5 Nxf3+ 22. Kg2 e4 23. Be2 Rc8 24. c4 Rf8 25. Bxf3 Bxf3+ 26. Kh3 Kg7 27. Rd7+ Rf7 28. Rxf7+ Kxf7 29. Rb1 Ke6 30. Rb5 e3 31. g4 fxg4+ 32. Kg3 e2 33. Kf2 Kd6 34. Rd5+ Kc6 35. Rd8 a5 36. Rh8 Kc5 37. Rxh7 Kxc4 38. Rh6 b5 39. Ra6 a4 40. h3 Bb7 41. Rb6 gxh3 42. Rxb7 b4 43. Kxe2 Kc3 44. Ra7 h2 45. Rh7 Kb2 46. Rxh2 Kxa2 47. Kd3+ Kb3 48. Rg2 a3 49. Re2 a2 50. Re1 Kb2 51. Re2+ Ka3 52. Re1 b3 53. Kc3 Ka4 54. Ra1 Ka3 55. Re1 b2 56. Re8 b1Q 57. Ra8# 1-0

[Event "GER-ch NSV Online 1st"]
[Site "Playchess.com INT"]
[Date "2020.04.26"]
[Round "2"]
[White "Schiller, Jan Hendrik"]
[Black "Elsner, Robert"]
[Result "0-1"]
[WhiteElo "1871"]
[BlackElo "1846"]
[PlyCount "108"]
[EventDate "2020.04.26"]
[EventType "swiss (blitz)"]
[EventRounds "13"]
[EventCountry "GER"]
[SourceTitle "CBM 196 Extra"]
[Source "ChessBase"]
[SourceDate "2020.07.31"]
[SourceVersion "1"]
[SourceVersionDate "2020.07.31"]
[SourceQuality "1"]

1. d4 Nf6 2. Bf4 g6 3. e3 d5 4. Nf3 Bg7 5. Be2 0-0 6. 0-0 c5 7. c3 Nbd7 8. h3 Qb6 9. Qb3 Qxb3 10. axb3 cxd4 11. exd4 Ne4 12. Nbd2 Nxd2 13. Bxd2 e5 14. dxe5 Nxe5 15. Nxe5 Bxe5 16. Be3 a6 17. Rfd1 Be6 18. Bd4 Bxd4 19. Rxd4 Rfe8 20. Bf3 Rad8 21. Rad1 Kg7 22. c4 Kf6 23. Bxd5 Bxd5 24. Rxd5 Rxd5 25. Rxd5 Re1+ 26. Kh2 Re2 27. Rd7 Rxf2 28. Rxb7 Rxb2 29. Rb6+ Kg7 30. b4 Kf8 31. c5 Ke7 32. Rb7+ Kf6 33. c6 Rc2 34. c7 h5 35. Rb6+ Ke7 36. Rxa6 Rxc7 37. Rb6 Kf8 38. h4 Rc3 39. g3 Rb3 40. b5 Ke7 41. Rb7+ Ke6 42. b6 Kf6 43. Kg2 Kg7 44. Rb8 Kf6 45. b7 Kf5 46. Kf2 Kg4 47. Kg2 Rb2+ 48. Kf1 Kxg3 49. Ke1 Kxh4 50. Kd1 Kg3 51. Kc1 Rb6 52. Kc2 h4 53. Kd3 h3 54. Ke4 h2 0-1

[Event "Niedersachsen-ch op-A"]
[Site "Verden an der Aller"]
[Date "2020.01.04"]
[Round "6"]
[White "Elsner, Robert"]
[Black "Poelig, Juergen"]
[Result "1-0"]
[WhiteElo "1797"]
[BlackElo "1846"]
[PlyCount "107"]
[EventDate "2020.01.02"]
[EventType "swiss"]
[EventRounds "7"]
[EventCountry "GER"]
[SourceTitle "EXT 2023"]
[Source "ChessBase"]
[SourceDate "2022.10.05"]
[SourceVersion "1"]
[SourceVersionDate "2022.10.05"]
[SourceQuality "1"]

1. e4 e6 2. d4 d5 3. exd5 exd5 4. Nf3 c5 5. Be2 Nc6 6. 0-0 Bd6 7. dxc5 Bxc5 8. Re1 Nge7 9. Nbd2 0-0 10. Nb3 Bb6 11. Bg5 f6 12. Bf4 Ng6 13. Bg3 Be6 14. c3 Qd7 15. Qd2 Nce5 16. Rad1 Rad8 17. Nbd4 Bf7 18. h3 a6 19. Qc2 Rfe8 20. Qb3 Ba7 21. Qc2 Bb8 22. Nh2 Ne7 23. Ng4 Bg6 24. Qb3 b5 25. Nxe5 fxe5 26. Bg4 Qb7 27. Bxe5 Bf7 28. Bxb8 Rxb8 29. Be6 a5 30. Qc2 Ng6 31. Qf5 b4 32. Bxf7+ Qxf7 33. Qxf7+ Kxf7 34. Rxe8 Kxe8 35. Nc6 Rb5 36. cxb4 axb4 37. Rd4 b3 38. a3 Kd7 39. Nb4 Kd6 40. Rd3 Ne5 41. Rxb3 Nc6 42. Kf1 Nxb4 43. Rxb4 Rxb4 44. axb4 Ke5 45. Ke2 Kd4 46. b5 Kc5 47. Kd3 Kxb5 48. Kd4 Kc6 49. f4 h5 50. g4 h4 51. f5 Kd6 52. b4 Kc6 53. g5 Kd6 54. b5 1-0

[Event "Hannover Bezirks-ch A"]
[Site "Lehrte"]
[Date "2019.10.05"]
[Round "6.4"]
[White "Reimer, Philip"]
[Black "Elsner, Robert"]
[Result "1-0"]
[WhiteElo "1952"]
[BlackElo "1755"]
[PlyCount "121"]
[EventDate "2019.10.03"]
[EventType "swiss"]
[EventRounds "7"]
[EventCountry "GER"]
[SourceTitle "EXT 2023"]
[Source "ChessBase"]
[SourceDate "2022.10.05"]
[SourceVersion "1"]
[SourceVersionDate "2022.10.05"]
[SourceQuality "1"]

1. e4 c5 2. Nf3 d6 3. d4 cxd4 4. Nxd4 Nf6 5. Nc3 g6 6. Be3 Bg7 7. f3 0-0 8. Qd2 Nc6 9. 0-0-0 d5 10. Qe1 e5 11. Nxc6 bxc6 12. exd5 Nxd5 13. Bc4 Be6 14. Ne4 Qc7 15. Bc5 Rfd8 16. g4 Nf4 17. Bxe6 Rxd1+ 18. Qxd1 Nxe6 19. Be3 Rd8 20. Qe1 Qd7 21. Qh4 Nd4 22. Qf2 Qd5 23. Kb1 Qb5 24. Re1 Rb8 25. Bc1 a5 26. g5 Qd5 27. Re3 Qe6 28. Rd3 Qh3 29. Rc3 h6 30. f4 Qe6 31. fxe5 Bxe5 32. Nf6+ Kh8 33. Rc5 Nb5 34. Ka1 Qd6 35. Rxe5 Qxe5 36. Nd7 Qd6 37. Nxb8 Qxb8 38. Qf6+ Kg8 39. gxh6 Qf8 40. b3 Kh7 41. Qxc6 Nd4 42. Qc4 Nf5 43. Qd5 Nxh6 44. Qxa5 f5 45. Qc7+ Nf7 46. a4 g5 47. a5 f4 48. Qb7 Kg8 49. a6 Nd6 50. Qd5+ Kh7 51. a7 Qg7+ 52. Kb1 Qxa7 53. Qxd6 Qf7 54. Qd3+ Kh6 55. Qf3 Qe7 56. h4 gxh4 57. Qxf4+ Kg6 58. Qg4+ Kf7 59. Qh5+ Kg7 60. Bh6+ Kg8 61. Qg5+ 1-0

[Event "Hannover Bezirks-ch A"]
[Site "Lehrte"]
[Date "2019.10.03"]
[Round "2.10"]
[White "Elsner, Robert"]
[Black "Von Mettenheim, Johannes"]
[Result "1-0"]
[WhiteElo "1755"]
[BlackElo "1955"]
[PlyCount "53"]
[EventDate "2019.10.03"]
[EventType "swiss"]
[EventRounds "7"]
[EventCountry "GER"]
[SourceTitle "EXT 2023"]
[Source "ChessBase"]
[SourceDate "2022.10.05"]
[SourceVersion "1"]
[SourceVersionDate "2022.10.05"]
[SourceQuality "1"]

1. e4 c6 2. d4 d5 3. f3 e6 4. Nc3 Bb4 5. Bd2 Bxc3 6. Bxc3 dxe4 7. Qe2 exf3 8. Nxf3 Nf6 9. 0-0-0 Nbd7 10. g4 Nd5 11. Be1 b5 12. Ne5 Nxe5 13. dxe5 Qb6 14. Bf2 Qa5 15. Kb1 Nb4 16. a3 Nd5 17. Bc5 Rb8 18. Bd6 Rb7 19. Qf3 Qb6 20. Bg2 b4 21. Kc1 bxa3 22. Bxa3 Bd7 23. Rhf1 f6 24. exf6 gxf6 25. Rxd5 Rf8 26. Rd3 e5 27. Rb3 1-0

[Event "GER-ch U14"]
[Site "Willingen"]
[Date "2019.06.14"]
[Round "8"]
[White "Elsner, Robert"]
[Black "Schauties, Nico Antonio"]
[Result "0-1"]
[WhiteElo "1745"]
[BlackElo "1866"]
[PlyCount "56"]
[EventDate "2019.06.08"]
[EventType "swiss"]
[EventRounds "9"]
[EventCountry "GER"]
[SourceTitle "CBM 191 Extra"]
[Source "ChessBase"]
[SourceDate "2019.09.30"]
[SourceVersion "1"]
[SourceVersionDate "2019.09.30"]
[SourceQuality "1"]

1. Nf3 c5 2. e4 d6 3. d4 cxd4 4. Nxd4 Nf6 5. Nc3 a6 6. Be3 e6 7. f3 b5 8. Qd2 Bb7 9. g4 h6 10. Be2 Nbd7 11. 0-0-0 b4 12. Nb1 d5 13. exd5 Nxd5 14. Rhe1 Nxe3 15. Qxe3 Bc5 16. Bc4 Qb6 17. Qf4 0-0-0 18. Nb3 Bf2 19. Re2 Nf6 20. Rdd2 Bh4 21. Bxe6+ fxe6 22. Qc4+ Kb8 23. Nd4 Bg5 24. c3 Bd5 25. Qd3 Bxa2 26. h4 Bxb1 27. Kxb1 Bxd2 28. Rxd2 e5 0-1

[Event "GER-ch U14"]
[Site "Willingen"]
[Date "2019.06.12"]
[Round "5"]
[White "Lutz, Ruben"]
[Black "Elsner, Robert"]
[Result "1-0"]
[WhiteElo "2055"]
[BlackElo "1745"]
[PlyCount "57"]
[EventDate "2019.06.08"]
[EventType "swiss"]
[EventRounds "9"]
[EventCountry "GER"]
[SourceTitle "CBM 191 Extra"]
[Source "ChessBase"]
[SourceDate "2019.09.30"]
[SourceVersion "1"]
[SourceVersionDate "2019.09.30"]
[SourceQuality "1"]

1. d4 Nf6 2. Bf4 g6 3. Nc3 Bg7 4. e4 d6 5. Qd2 Nbd7 6. 0-0-0 0-0 7. Nf3 c5 8. dxc5 Nxc5 9. e5 Nfe4 10. Nxe4 Nxe4 11. Qe3 d5 12. Kb1 f6 13. Bc4 e6 14. exf6 Bxf6 15. Bd3 Nd6 16. Be5 Nf5 17. Bxf5 gxf5 18. Rhe1 Bd7 19. Bxf6 Qxf6 20. Qe5 Rae8 21. Nd4 Qxe5 22. Rxe5 b5 23. Rd3 Kf7 24. Ra3 Ra8 25. Ra6 Rfe8 26. c3 Rg8 27. g3 Rg6 28. Rd6 Ke7 29. Rdxd5 1-0

[Event "GER-ch U14"]
[Site "Willingen"]
[Date "2019.06.11"]
[Round "4"]
[White "Simukov, Erik"]
[Black "Elsner, Robert"]
[Result "0-1"]
[WhiteElo "1904"]
[BlackElo "1745"]
[PlyCount "58"]
[EventDate "2019.06.08"]
[EventType "swiss"]
[EventRounds "9"]
[EventCountry "GER"]
[SourceTitle "CBM 191 Extra"]
[Source "ChessBase"]
[SourceDate "2019.09.30"]
[SourceVersion "1"]
[SourceVersionDate "2019.09.30"]
[SourceQuality "1"]

1. e4 c5 2. Nf3 d6 3. d4 cxd4 4. Nxd4 Nf6 5. Nc3 g6 6. Be3 Bg7 7. f3 0-0 8. Qd2 Nc6 9. 0-0-0 d5 10. Qe1 e5 11. Nxc6 bxc6 12. exd5 Nxd5 13. Bc4 Be6 14. Kb1 Qc7 15. Nxd5 cxd5 16. Bxd5 Rfc8 17. Bxa8 Qxc2+ 18. Ka1 Rxa8 19. Qa5 h5 20. Rd2 Qc4 21. Rhd1 Kh7 22. h3 Rc8 23. Rf2 e4 24. fxe4 Bd4 25. Rff1 Bxe3 26. Qa3 Rc6 27. Kb1 Bh6 28. g4 Ra6 29. Qb3 Qxe4+ 0-1

[Event "GER-ch U14"]
[Site "Willingen"]
[Date "2019.06.10"]
[Round "3"]
[White "Elsner, Robert"]
[Black "Kosev, Momchil"]
[Result "1-0"]
[WhiteElo "1745"]
[BlackElo "1827"]
[PlyCount "75"]
[EventDate "2019.06.08"]
[EventType "swiss"]
[EventRounds "9"]
[EventCountry "GER"]
[SourceTitle "CBM 191 Extra"]
[Source "ChessBase"]
[SourceDate "2019.09.30"]
[SourceVersion "1"]
[SourceVersionDate "2019.09.30"]
[SourceQuality "1"]

1. Nf3 c5 2. e4 d6 3. d4 cxd4 4. Nxd4 Nf6 5. Nc3 a6 6. Be3 e5 7. Nb3 Be6 8. f3 Be7 9. Qd2 h5 10. 0-0-0 Nbd7 11. h3 h4 12. Be2 Qc7 13. f4 b5 14. Nd5 Bxd5 15. exd5 Rc8 16. Bf3 e4 17. Bg4 Nxd5 18. Bxd7+ Kxd7 19. Nc5+ dxc5 20. Qxd5+ Ke8 21. Qxe4 Kf8 22. Rd5 Rd8 23. Rxd8+ Qxd8 24. Rd1 Qc8 25. f5 b4 26. Qd5 Rh5 27. Rf1 Bg5 28. Bxg5 Rxg5 29. Qd6+ Kg8 30. Qf4 f6 31. Qe4 c4 32. Rf4 c3 33. Qd5+ Kf8 34. Rxh4 cxb2+ 35. Kb1 Rxf5 36. Rh8+ Ke7 37. Qe4+ Qe6 38. Re8+ 1-0

[Event "Niedersachsen-ch op B"]
[Site "Verden"]
[Date "2019.01.05"]
[Round "5"]
[White "Elsner, Robert"]
[Black "Schneider, Waldemar"]
[Result "1-0"]
[WhiteElo "1615"]
[BlackElo "1593"]
[PlyCount "65"]
[EventDate "2019.01.03"]
[EventType "swiss"]
[EventRounds "7"]
[EventCountry "GER"]
[SourceTitle "EXT 2022"]
[Source "ChessBase"]
[SourceDate "2021.10.06"]
[SourceVersion "1"]
[SourceVersionDate "2021.10.06"]
[SourceQuality "1"]

1. Nf3 d5 2. c4 e6 3. g3 Nf6 4. Bg2 Be7 5. 0-0 0-0 6. d4 c6 7. Nbd2 Nbd7 8. Qc2 b6 9. e4 dxe4 10. Nxe4 Bb7 11. Rd1 Nxe4 12. Qxe4 Nf6 13. Qc2 Qc8 14. c5 b5 15. Ne5 a5 16. a3 Nd5 17. Be4 f5 18. Bd3 Bf6 19. Bf4 g5 20. Bd2 Bxe5 21. dxe5 h6 22. h4 Qd8 23. hxg5 hxg5 24. Kg2 Qe7 25. Rh1 Kg7 26. Rh5 g4 27. Rah1 Rh8 28. Bh6+ Kf7 29. Bxf5 exf5 30. Qxf5+ Ke8 31. Bg5 Rxh5 32. Rxh5 Qg7 33. Rh7 1-0